00876nam a22002657a 450000500170000000800410001702000180005804000270007604100080010304400070011108200170011810000330013524500890016826001390025730000520039665000240044865000280047265000200050065000150052065000160053565000120055165000110056365000140057465000220058820191224042344.0180103b 2012ck ||||| |||| 00| 0 spa d a9789585774506 aCO-BoIAVH cCO-BoIAVH  aspa ack a341.42bM29e aMantilla Quijano, Alejandro 10aEstas locomotoras necesitan frenos: bentre los espacios basura y el mandato popular aBogotá:bCorporación para la Educación, el Desarrollo y la Investigación Popular, Instituto Nacional Sindical (CEDINS.)c2012. a61 páginasbfotografías a colorc21 x 14cm14aTerritorioxDisputa14aRestitución xTierras14aInversionistas 14aMinería 14aAlto Atrato14aChocó14aArauca14aCatatumbo14aSur de Bolívar